000 00538cam a2200181 i 4500
020 _a9781138888135 (hardback)
020 _a9781138888142 (pbk.)
020 _a9781315713649 (master ebook)
020 _a9781317498605 (mobipocket/kindle)
040 _cDLC
082 0 0 _a378 378 MCG 1985 A069 Co.
100 1 _aThelin, John R.,
245 1 0 _aAmerican higher education :
_bissues and institutions /
300 _axiv, 365 pages ;
_c25 cm.
490 0 _aCore concepts in higher education
650 0 _aEducation, Higher
942 _cEK
999 _c14574
_d14574